Normal view
MARC view
Entry Término temático
001 - NÚMERO DE CONTROL
- campo de control: 10708
003 - IDENTIFICADOR DEL NÚMERO DE CONTROL
- campo de control: OSt
005 - FECHA Y HORA DE LA ÚLTIMA TRANSACCIÓN
- campo de control: 20200615032311.0
008 - DATOS DE LONGITUD FIJA
- campo de control de longitud fija: 200615|| aca||aabn | a|a d
040 ## - FUENTE DE LA CATALOGACIÓN
- Centro catalogador/agencia de origen: OSt
- Centro/agencia transcriptor: OSt
150 ## - ENCABEZAMIENTO--TÉRMINO DE MATERIA
- Término de materia o nombre geográfico como elemento de entrada: AUTORES CUBANOS
- Subdivisión cronológica: SIGLO XIX
- Subdivisión general: BIOGRAFÍA
- Subdivisión general: HISTORIA Y CRÍTICA
670 ## - FUENTE DE DATOS ENCONTRADOS
- Cita de la fuente: Work cat.: (OSt)3263: Jiménez, Luis A. 1984- 10705, El arte autobiográfico en Cuba en el siglo XIX /, 1995.
